00342pab a2200121 454500008004000000100002100040245007700061260000900138300001300147362001100160650001500171773003400186180718b2011 xxu||||| |||| 00| 0 eng d aKumar, M. Dinesh aEmployment guarantee and its environmental impact: Are the claims valid? c2011 ap.69-71. a20 Aug aEmployment aEconomic and Political Weekly